<?xml version="1.0" encoding="UTF-8"?>
<record
    xmlns:xsi="http://www.w3.org/2001/XMLSchema-instance"
    xsi:schemaLocation="http://www.loc.gov/MARC21/slim http://www.loc.gov/standards/marcxml/schema/MARC21slim.xsd"
    xmlns="http://www.loc.gov/MARC21/slim">

  <leader>03360cam a2200289   4500</leader>
  <controlfield tag="001">8424</controlfield>
  <controlfield tag="005">20181127185910.0</controlfield>
  <controlfield tag="008">140709s2014    ii            000 0 eng d</controlfield>
  <datafield tag="010" ind1=" " ind2=" ">
    <subfield code="a">  2014357913</subfield>
  </datafield>
  <datafield tag="020" ind1=" " ind2=" ">
    <subfield code="a">0199450560</subfield>
  </datafield>
  <datafield tag="020" ind1=" " ind2=" ">
    <subfield code="a">9780199450565</subfield>
  </datafield>
  <datafield tag="082" ind1="0" ind2="4">
    <subfield code="a">791.430954</subfield>
    <subfield code="2">23</subfield>
  </datafield>
  <datafield tag="100" ind1="1" ind2=" ">
    <subfield code="a">Raghavendra, M. K.,</subfield>
    <subfield code="e"></subfield>
  </datafield>
  <datafield tag="240" ind1="1" ind2="0">
    <subfield code="a">Essays.</subfield>
    <subfield code="k">Selections</subfield>
  </datafield>
  <datafield tag="245" ind1="1" ind2="4">
    <subfield code="a">The politics of Hindi cinema in the new millennium :</subfield>
    <subfield code="b">Bollywood and the Anglophone Indian nation /</subfield>
    <subfield code="c">M.K. Raghavendra.</subfield>
  </datafield>
  <datafield tag="264" ind1=" " ind2="1">
    <subfield code="a">New Delhi, India :</subfield>
    <subfield code="b">Oxford University Press,</subfield>
    <subfield code="c">2014.</subfield>
  </datafield>
  <datafield tag="300" ind1=" " ind2=" ">
    <subfield code="a">xl, 264 pages ;</subfield>
    <subfield code="c">23 cm</subfield>
  </datafield>
  <datafield tag="336" ind1=" " ind2=" ">
    <subfield code="a">text</subfield>
    <subfield code="b">txt</subfield>
    <subfield code="2">rdacontent</subfield>
  </datafield>
  <datafield tag="337" ind1=" " ind2=" ">
    <subfield code="a">unmediated</subfield>
    <subfield code="b">n</subfield>
    <subfield code="2">rdamedia</subfield>
  </datafield>
  <datafield tag="338" ind1=" " ind2=" ">
    <subfield code="a">volume</subfield>
    <subfield code="b">nc</subfield>
    <subfield code="2">rdacarrier</subfield>
  </datafield>
  <datafield tag="505" ind1=" " ind2=" ">
    <subfield code="a">Preface ; Introduction ; 1. The Global and the Pre-Modern  ; Raaz (2002) ; 1. The Adulterous Woman ; Jism (2003) to  Kabhi Alvida Na Kehna (2006) ; 1. 'Undivided India' ;  Gadar: Ek Prem Katha (2001) and Veer-Zara (2004) ; 1. The  Youth Film as Dissent ; Rang de Basanti (2006) and the  Political Class ; 1. The Agony Aunt and the Small  Illegality ; Munna Bhai MBBS (2003) and Lage Raho Munna  Bhai (2006) ; 1. Thieves like Us ; Enterprise in Bunty  Aur Babli (2005), Dhoom 2 (2006), and Guru (2007) ; 1.  The 'Hyperreal' and the Narrowing Nation ; Om Shanti Om  (2007) ; 1. The Reservations of Middle-Class Concern ;  Page 3 (2005), Corporate (2006), Traffic Signal (2007),  and Fashion (2008) ; 1. Dystopia or Entrepreneurial  Fantasy ; Kaminey (2009) ; 1. The Exemplary Citizen ;  Education, Taare Zamin Par (2007) and Three Idiots (2009)  ; 1. Politics and Enterprise ; Raajneeti (2010) ; 1. The  Anthropological Gaze ; Agrarian Issues and Peepli (Live)  (2010) ; 1. Resisting the Anglophone Nation ; Rab Ne Bana  Di Jodi (2008) and Dabangg (2010) ; 1. Transactions ;  Friendships in Dil Chahta Hai (2001) and Zindagi Na  Milegi Dobara (2011) ; 1. Sport and the Nation ; Iqbal  (2005), Chak De India (2007) and Paan Singh Tomar (2012)  ; Conclusion: Collapsing State, Dissolving Nation ; Index  ; About the Author</subfield>
    <subfield code="g"></subfield>
    <subfield code="r"></subfield>
    <subfield code="t"></subfield>
  </datafield>
  <datafield tag="520" ind1=" " ind2=" ">
    <subfield code="a">This book charts out a new direction in scholarship on  Indian cinema. It argues that with mainstream Hindi  cinema becoming 'Bollywood' and the diaspora becoming a  key commercial factor, the constituency addressed by the  mainstream Hindi film has significantly changed.  Consequently, the audience for Hindi cinema has become  more asymmetric. With the emergence of a new knowledge  economy in the 1990s and Indian professionals traveling  and settling abroad, a new 'Anglophone Indian Nation',  the one with the greatest spending power, was born. Where  mainstream Hindi cinema had been regarded as a pariah by  the Indian state, the commercial success of Bollywood  globally gave it immense respectability in the  government. This work expresses the hope that  understanding such an asymmetry will help us appreciate  some of the alignments in India and the political forces  which often masquerade as 'opinion'. Apart from bringing  out the transformation of the mainstream Hindi film after  it became 'Bollywood', the book provides fresh insights  into political developments in India in the past decade  outside cinema.</subfield>
  </datafield>
  <datafield tag="650" ind1=" " ind2="0">
    <subfield code="a">Motion picture industry</subfield>
    <subfield code="z">India.</subfield>
  </datafield>
  <datafield tag="650" ind1=" " ind2="0">
    <subfield code="a">Motion pictures</subfield>
    <subfield code="z">India.</subfield>
  </datafield>
  <datafield tag="650" ind1=" " ind2="0">
    <subfield code="a">Motion pictures and language.</subfield>
  </datafield>
  <datafield tag="650" ind1=" " ind2="0">
    <subfield code="a">Motion pictures, Hindi.</subfield>
  </datafield>
  <datafield tag="999" ind1=" " ind2=" ">
    <subfield code="c">7283</subfield>
    <subfield code="d">7283</subfield>
  </datafield>
  <datafield tag="952" ind1=" " ind2=" ">
    <subfield code="0">0</subfield>
    <subfield code="1">0</subfield>
    <subfield code="2">ddc</subfield>
    <subfield code="4">0</subfield>
    <subfield code="7">0</subfield>
    <subfield code="8">MAIN</subfield>
    <subfield code="a">RTCLIB</subfield>
    <subfield code="b">RTCLIB</subfield>
    <subfield code="c">MAIN</subfield>
    <subfield code="h"> </subfield>
    <subfield code="i">12893</subfield>
    <subfield code="l">0</subfield>
    <subfield code="o">791.4 RAG</subfield>
    <subfield code="p">30011500</subfield>
    <subfield code="r">2018-11-27 00:00:00</subfield>
    <subfield code="w">2018-11-27</subfield>
    <subfield code="y">MAIN</subfield>
  </datafield>
</record>
